Statistiques concernant Les 20 pays plus grand consommateurs de thé

Cliquez ici pour prendre le quiz!

Statistiques générales

  • Ce quiz a été pris 331 fois
  • Le résultat moyen est 12 sur 20

Statistiques - réponses

RangKg/habitantPays% Correct
160.6Chine
92%
100.9Japon
91%
12.2Royaume-uni
91%
130.75Inde
85%
61.2Maroc
83%
51.3Russie
79%
22.1Turquie
76%
32.0Irlande
63%
140.7Allemagne
59%
180.4Suède
58%
71.1Egypte
57%
180.4Norvège
56%
140.7Pakistan
55%
110.8Australie
54%
41.4Iran
54%
110.8Pays-bas
42%
81.0Pologne
41%
180.4Suisse
41%
81.0Nouvelle-Zélande
33%
160.6Chili
21%

Distribution des résultats

Percentile par nombre de réponses

% des personnes avec chaque résultat

Votre développement - résultats

Vous n’avez pas pris ce quiz